000
00327nam a22001337a 4500
005
20250313161042.0
008
250313b |||||||| |||| 00| 0 eng d
020
_a
978-1-5290-5305-0
050
_a
PZ 83.S34
100
_a
SCHEFFLER AXEL
245
_a
KATIE THE KITTEN
260
_a
NEWYORK
_b
CAMPBELL BOOKS
942
_2
lcc
_c
BK
999
_c
215073
_d
215073